000
00238nam a22000977a 4500
003
OSt
008
200923b ||||| |||| 00| 0 eng d
100
_a
Jain, S. C
_9
4639
245
_a
Engineering patterns of rural leadership area
942
_c
BK
999
_c
16358
_d
16358